Statistics for States and Provinces Anagram Puzzle

Click here to take the quiz!

General Stats

  • This quiz has been taken 131 times
  • The average score is 15 of 21

Answer Stats

HintAnswer% Correct
HADKNIdaho
98%
GORGENUGeorgia
90%
NAIADOTIndiana
90%
SANKINKansas
90%
SNARKSAUArkansas
85%
RATIOAROntario
85%
YOUASYukon
85%
MANNANOMontana
81%
IRONICALNNCalifornia
71%
BATMANAAManitoba
71%
TABLEAIAlberta
70%
ATOMISEANMinnesota
70%
RAVINGAWVirginia
70%
VAUNTIINunavut
63%
LEADERIODelaware
59%
LIAISONAFLouisiana
56%
CHLORINATORADNorth Carolina
56%
INOCULATORSAWSouth Carolina
54%
REVISITINGWest Virginia
48%
VACATIONAHNova Scotia
45%
INHOLDERSOSRhode Island
35%

Score Distribution

Percentile by Number Answered

Percent of People with Each Score

Your Score History

You have not taken this quiz